000
00335pab a2200133 454500
008
180718b xxu||||| |||| 00| 0 eng d
100
_a
Mitra Asok
245
_a
Demand and supply side of health care
362
_a
Annaul 26 Nov 1994, p.51-53
650
_a
Health Care
650
_a
Medical Care
773
_a
Mainstream
909
_a
27943
999
_c
27943
_d
27943